| 000 | 00758 a2200229 4500 | ||
|---|---|---|---|
| 999 |
_c4863 _d4863 |
||
| 020 | _a0201848880 | ||
| 050 | 0 | 0 | _aQA 154.2 BIT 1996 |
| 100 |
_aBittinger, Marvin L. (et al) _eauthor |
||
| 245 | 0 | 0 |
_aAlgebra & trigonometry : _bgraphs & models / _cMarvin L. Bittinger ... [et al.]. |
| 264 |
_aNew York : _bAddison-Wesley _c1996 |
||
| 300 | _axviii, 723p., A64, I15 | ||
| 500 | _aIncludes index. | ||
| 650 | 0 | _aAlgebra. | |
| 650 | 0 |
_aAlgebra _xGraphic methods. |
|
| 650 | 0 | _aTrigonometry. | |
| 650 | 0 |
_aTrigonometry _xGraphic methods. |
|
| 700 | 1 |
_aBeecher, Judith A. _eauthor |
|
| 700 | 1 |
_aEllenbogen, David _eauthor |
|
| 700 | 1 |
_aPenna, Judith _eauthor |
|
| 942 |
_2lcc _cBK _h154.2 _iBIT _kQA |
||